<?xml version="1.0" encoding="UTF-8"?><?xml-stylesheet type="text/xsl" href="static/style.xsl"?><OAI-PMH xmlns="http://www.openarchives.org/OAI/2.0/" xmlns:xsi="http://www.w3.org/2001/XMLSchema-instance" xsi:schemaLocation="http://www.openarchives.org/OAI/2.0/ http://www.openarchives.org/OAI/2.0/OAI-PMH.xsd"><responseDate>2026-06-29T02:46:17Z</responseDate><request verb="GetRecord" identifier="oai:docta.ucm.es:20.500.14352/133126" metadataPrefix="marc">https://docta.ucm.es/rest/oai/request</request><GetRecord><record><header><identifier>oai:docta.ucm.es:20.500.14352/133126</identifier><datestamp>2026-02-25T01:16:13Z</datestamp><setSpec>com_20.500.14352_14</setSpec><setSpec>col_20.500.14352_17</setSpec></header><metadata><record xmlns="http://www.loc.gov/MARC21/slim" xmlns:dcterms="http://purl.org/dc/terms/" xmlns:xsi="http://www.w3.org/2001/XMLSchema-instance" xmlns:doc="http://www.lyncode.com/xoai" xsi:schemaLocation="http://www.loc.gov/MARC21/slim http://www.loc.gov/standards/marcxml/schema/MARC21slim.xsd">
   <leader>00925njm 22002777a 4500</leader>
   <datafield ind2=" " ind1=" " tag="042">
      <subfield code="a">dc</subfield>
   </datafield>
   <datafield ind2=" " ind1=" " tag="720">
      <subfield code="a">Martínez Pérez, Javier</subfield>
      <subfield code="e">author</subfield>
   </datafield>
   <datafield ind2=" " ind1=" " tag="260">
      <subfield code="c">2011-06-10</subfield>
   </datafield>
   <datafield ind2=" " ind1=" " tag="520">
      <subfield code="a">Realización integral del mobiliario litúrgico para el nuevo templo parroquial del Buen Pastor en Ponferrada. La propuesta se desarrolló paralelamente a la construcción del edificio, integrándose desde el inicio en el proyecto arquitectónico.
El encargo no consistía en la realización de piezas decorativas autónomas, sino en la investigación y creación de los elementos litúrgicos estables que configuran el espacio sacramental conforme al Ordenamiento General del Misal Romano (OGMR). Se trataba de articular escultura contemporánea, normativa litúrgica y coherencia arquitectónica dentro de un lenguaje minimalista compartido.
La obra se sitúa en el marco de la arquitectura religiosa contemporánea española del siglo XXI, participando en el debate sobre la actualización formal y simbólica del espacio sacro.</subfield>
   </datafield>
   <datafield ind1="8" ind2=" " tag="024">
      <subfield code="a">https://hdl.handle.net/20.500.14352/133126</subfield>
   </datafield>
   <datafield ind2="0" ind1="0" tag="245">
      <subfield code="a">Intervención escultórica integrada en arquitectura religiosa contemporánea. Mobiliario litúrgico permanente (altar, ambón, sede, pila bautismal, sagrario doble y candelero del cirio pascual).</subfield>
   </datafield>
</record></metadata></record></GetRecord></OAI-PMH>